České pohádky : anglicko-české vydání = Czech fairy tales : English-Czech edition /
Deset nejznámějších pohádek na motivy Karla Jaromíra Erbena a Boženy Němcové. Nechybí vyprávění o Dlouhém, Širokém a Bystrozrakém, o Zlatovlásce, Sedmero krkavcích nebo princi Bajajovi. Zrcadlově uspořádaný text umožňuje kontrolu porozumění. Součástí knihy je audio nahrávka s pohádkami v českém i an...
Uloženo v:
| Hlavní autor: | |
|---|---|
| Další autoři: | , , |
| Médium: | E-kniha |
| Jazyk: | Czech English |
| Vydáno: |
Brno :
Edika,
2016
|
| Vydání: | 1. vydání |
| Témata: | |
| Tagy: |
Žádné tagy |
| LEADER | 03060nam a2200637 i 4500 | ||
|---|---|---|---|
| 001 | 310877 | ||
| 003 | CZ PrSKC | ||
| 005 | 20260601215656.0 | ||
| 007 | ta | ||
| 008 | 161107s2016 xr a b 000 f cze | ||
| 015 | |a cnb002854966 | ||
| 020 | |a 9788026610403 |q (vázáno) : |c Kč 399,00 | ||
| 035 | |a (OCoLC)970636517 | ||
| 040 | |a BOA001 |b cze |d ABA001 |e rda | ||
| 041 | 1 | |a cze |a eng |h cze | |
| 072 | 7 | |a 821.162.3-3 |x Česká próza |2 Konspekt | |
| 072 | 7 | |a 821-93 |x Literatura pro děti a mládež (beletrie) |2 Konspekt | |
| 080 | |a 821.162.3-34 |2 MRF | ||
| 080 | |a 821-93 |2 MRF | ||
| 080 | |a (0:82-34) |2 MRF | ||
| 080 | |a (0.027)=030 |2 MRF | ||
| 100 | 1 | |a Mrázková, Eva |7 mzk2011618570 |4 aut | |
| 245 | 1 | 0 | |a České pohádky : |b anglicko-české vydání = Czech fairy tales : English-Czech edition / |c převyprávěla: Eva Mrázková ; přeložil: Charles du Parc ; ilustrace: Atila Vörös |
| 246 | 1 | |i Název v tiráži: |a České pohádky - anglicko-české vydání | |
| 246 | 3 | 1 | |a Czech fairy tales |
| 250 | |a 1. vydání | ||
| 264 | 1 | |a Brno : |b Edika, |c 2016 | |
| 300 | |a 199 stran : |b barevné ilustrace ; |c 28 cm + |e 1 CD | ||
| 336 | |a text |b txt |2 rdacontent | ||
| 336 | |a mluvené slovo |b spw |2 rdacontent | ||
| 337 | |a bez média |b n |2 rdamedia | ||
| 337 | |a audio |b s |2 rdamedia | ||
| 338 | |a svazek |b nc |2 rdacarrier | ||
| 338 | |a audiodisk |b sd |2 rdacarrier | ||
| 500 | |a "Eva Mrázková podle B. Němcové a K.J. Erbena"--Hřbet knihy | ||
| 520 | 2 | |a Deset nejznámějších pohádek na motivy Karla Jaromíra Erbena a Boženy Němcové. Nechybí vyprávění o Dlouhém, Širokém a Bystrozrakém, o Zlatovlásce, Sedmero krkavcích nebo princi Bajajovi. Zrcadlově uspořádaný text umožňuje kontrolu porozumění. Součástí knihy je audio nahrávka s pohádkami v českém i anglickém jazyce. | |
| 520 | 2 | |a Klasické české pohádky v bohatě ilustrované dvojjazyčné knize. | |
| 546 | |a Souběžný anglický text | ||
| 655 | 7 | |a české pohádky |7 fd133970 |2 czenas | |
| 655 | 7 | |a dvojjazyčná vydání |7 fd194533 |2 czenas | |
| 655 | 7 | |a publikace pro děti |7 fd133156 |2 czenas | |
| 655 | 9 | |a Czech fairy tales |2 eczenas | |
| 655 | 9 | |a bilingual editions |2 eczenas | |
| 655 | 9 | |a children's literature |2 eczenas | |
| 700 | 1 | |a Du Parc, Charles, |d 1960- |7 xx0208145 |4 trl | |
| 700 | 1 | |a Vörös, Atila, |d 1964- |7 xx0305516 |4 ill | |
| 700 | 1 | |a Němcová, Božena, |d 1820-1862 |7 jk01083016 |4 ant | |
| 700 | 1 | |a Erben, Karel Jaromír, |d 1811-1870 |7 jk01030532 |4 ant | |
| 700 | 1 | 2 | |a Mrázková, Eva. |t České pohádky |
| 700 | 1 | 2 | |a Mrázková, Eva. |t České pohádky. |l Anglicky |
| 900 | |a ABA001 |b 20 | ||
| 928 | 9 | |a Albatros Media - Edika | |
| 044 | |a xr | ||
| 910 | |a RBIT002 | ||
| 998 | |d 177809 |a https://core.palmknihy.cz/api/books/177809/cover?p5w37p |b https://core.palmknihy.cz/api/books/177809/cover/400?p5w37p |c https://core.palmknihy.cz/api/books/177809/cover/50?p5w37p |e 3999-12-31 |g 200 |i 9788026610403 |k https://core.palmknihy.cz/api/books/177809/preview.pdf |l |q 49 |r 1 |s https://www.palmknihy.cz/kniha/177809 |t ebook |y 2018 |z 0 | ||
| 999 | |d 310875 | ||